Catálogo

Vista normal Vista MARC

Entrada Personal Name

Número de registros utilizados en: 3

001 - CONTROL NUMBER

  • control field: 16854

003 - CONTROL NUMBER IDENTIFIER

  • control field: DLC

005 - DATE AND TIME OF LATEST TRANSACTION

  • control field: 20250312100534.0

008 - FIXED-LENGTH DATA ELEMENTS

  • fixed length control field: 870414n| azannaab |n aaa

010 ## - LIBRARY OF CONGRESS CONTROL NUMBER

  • LC control number: n 87823691

040 ## - CATALOGING SOURCE

  • Original cataloging agency: DLC
  • Transcribing agency: Mx-PuUPA
  • Description conventions: rda
  • Modifying agency: DLC
  • Modifying agency: Mx-PuUPA
  • Language of cataloging: spa

100 1# - HEADING--PERSONAL NAME

  • Personal name: Alfonseca, Manuel,

374 ## - OCCUPATION

  • Occupation: Autor

375 ## - GENDER

  • Gender: hombre

377 ## - ASSOCIATED LANGUAGE

  • Language code: spa

670 ## - SOURCE DATA FOUND

  • Source citation: nuc87-33576: His Human cultures and evolution, c1979
  • Information found: (hdg. on NjR rept.: Alfonseca, Manuel; usage: Manuel Alfonseca)

670 ## - SOURCE DATA FOUND

  • Source citation: World population, 2016:
  • Information found: eCIP t.p. (Manuel Alfonseca) data view screen ( doctor in Electronics Engineering (1972) and Computer Scientist by the Universidad Politécnica of Madrid; currently a honorary professor and was a full professor at the Department of Computer Science of the Universidad Autónoma of Madrid, where he was director of the Higher Polytechnical School (2001-2004). Previously (1972-1994), he was Senior Technical Staff Member at IBM. He has published over 200 papers on computer languages, simulation, complex systems, graphics, artificial intelligence, object-orientation and theoretical computer science, as well as 10 textbooks, 12 books and over 200 papers on popular science, and 30 novels in the fields of historic novel, science fiction and young adult literature, with different awards in all of these fields)